000
00481nam a22001457a 4500
020
_a
9788132110385
082
_a
001.42
100
_a
David Silverman (ed)
245
_a
Qualitative research issues of theory, method and practice
250
_a
3rd
260
_a
India
_b
Sage publications
_c
2011
300
_a
450p
942
_c
BK
999
_c
349352
_d
349352